Сочинения в двух томах (Запис № 364876)

МАРК-запис
000 -Лідер
fixed length control field 00630nam a22002417a 4500
001 - Контрольний номер
control field 78599
003 - Ідентифікатор контрольного номера
control field UA-OsUOA
005 - Дата та час останнього входження (трансакції)
control field 20220410150306.0
007 - Фіксоване поле фізичного опису
fixed length control field ta
008 - Елементи даних фіксованої довжини – загальна інформація
fixed length control field 20111017b un ||||| |||| 00| 0 ukr d
040 ## - Джерело каталогізації
Агенція оригінальної каталогізації UA-OsUOA
Мова каталогізації rus
Агенція, яка здійснювала перезапис UA-OsUOA
Агенція, яка здійснювала модифікацію UA-OsUOA
041 ## - Код мови
Код мови тексту/ звукової доріжки чи окремого заголовка (П) rus
080 ## - Індекс Універсальної десяткової класифікації
Індекс Універсальної десяткової класифікації (УДК) (НП) 821.161.1
090 ## - Локальний шифр розміщення
Класифікаційний індекс УДК 821.161.1
Авторський знак (НП) Т98
100 ## - Основне введення – ім’я особи
Ім’я особи (НП) Тютчев Ф. И.
245 ## - Відомості про назву
Назва (НП) Сочинения в двух томах
260 ## - Публікація, розповсюдження і т.п. (Вихідні дані)
Місце публікації, розповсюдження і т.п. (П) М.
Ім’я/ наймення видавництва, розповсюджувача і т.п. (П) Правда
Дата публікації, розповсюдження і т.п. (П) 1980
300 ## - Фізичний опис
Обсяг 383 с.
505 ## - Форматована примітка про зміст
Змішана інформація Т. 1
Назва Стихотворения
650 #7 - Додаткове предметне введення – тематичний термін
Тематичний термін чи географічна назва, як елемент введення (НП) 821 Художня література
Джерело заголовка чи терміна UDC
942 ## - Додаткові елементи входу (Коха)
Тип елемента Koha Книги
Source of classification or shelving scheme Universal Decimal Classification
955 ## - Код типу видання за змістом
Код типу видання за змістом (НП) Літературно-художні видання
Фонди
Стан вилучень Стан втрат Джерело класифікації або схеми стелажів Стан уражень Не для кредиту Код колекції Постійне місце розташування Поточне розміщення Дата придбання Джерело придбання Вартість, звичайна ціна покупки Послідовне перерахування / хронологія Інвентарний номер Повний номер виклику Штрих-код Дата останнього перегляду Ціна ефективна від Тип елемента Koha
    Universal Decimal Classification     Колекція Кушніра М.П. АБ - Абонемент НБ АБ - Абонемент НБ 17/10/2011 123/2011 12.00 Т. 1 134631 821.161.1 Т98 134631 06/02/2022 17/10/2011 Книги